000 00519nam a2200205 a 4500
001 17668
003 CO-ViMGA
008 141112s2004 ck r 000 u spa d
020 _a9580442223
040 _aCO-ViMGA
_bspa
_cCO-ViMGA
082 0 4 _aCABt
100 1 _aCabal, Graciela
_94180
245 1 0 _aToby
260 _aBarcelona (EspaƱa),
_cNorma.1998
300 _a58.p.
490 0 _aTorre de papel
650 1 4 _aCUENTOS INFANTILES ARGENTINOS
650 1 4 _aTOLERANCIA - CUENTOS INFANTILES
_94181
942 _2ddc
_cBK
999 _c6544
_d6544